00978nam a22002777i 4500001000800000003001000008007000500018008004100023040003500064041000800099043000700107084000700114100003600121245011100157264001100268300005600279336002700335337003300362338002800395504004200423650002700465650002000492700002700512710008500539773007600624B-12590CO-BoFNCPt|| 090911s2006 ck r spa d  aCO-BoFNCPbspacCO-BoFNCPerda aspa ack aA-1 aRocha S., Pedro J.eautor.4aut10aCaracterización molecular preliminar de materiales comerciales de palma de aceite presentes en Colombia. 4c©2006 apáginas 1-4 :bTablas, gráficos, fotografías. atextobtxt2rdacontent asin mediaciónbn2rdamedia avolumenbnc2rdacarrier aIncluye referencias bibliográficas. 0aMateriales comerciales 0aPalma de aceite1 aSuárez G., Sandra R.1 aCorporación Centro de Investigación en Palma de Aceite, Cenipalma [Colombia]0 aCeniavances (Colombia)gNo. 141 (Septiembre 2006), p.1-4wA-x0123-8353